000 00831nam a22002057a 4500
999 _c4201
_d4201
005 20251125232752.0
008 s2529 th tha d
040 _aNALT
041 _atha
050 _aJQ1745.A5 ป135
245 1 0 _aปฏิบัติการเยาวชนพรรคการเมือง
260 3 _aกรุงเทพฯ :
_bสารมวลชน,
_c2529
300 _a136 หน้า ;
_b 26 ซม.
650 0 4 _aการพัฒนาประชาธิปไตย
650 0 4 _aเยาวชน -- กิจกรรมทางการเมือง
650 0 4 _aไทย -- การเมืองและการปกครอง -- รวมเรื่อง
850 _aNALT
856 4 0 _uhttps://hdl.handle.net/20.500.14156/337655
_71
942 _cGB
_2lcc